A Little Boy Lost Quiz Stats

Quiz not verified by Sporcle

Challenge
Share
Tweet
Embed
Score 0/155 Timer 08:00
0 Plays Today
% Correct
'Nought
92.3%
loves
92.3%
another
92.3%
as
92.3%
itself,
92.3%
Albion's
92.3%
shore?
92.3%
Nor
84.6%
another
84.6%
so,
84.6%
'And
84.6%
father,
84.6%
how
84.6%
can
84.6%
I
84.6%
love
84.6%
you,
84.6%
Or
84.6%
any
84.6%
of
84.6%
my
84.6%
brothers
84.6%
more?
84.6%
I
84.6%
love
84.6%
you
84.6%
like
84.6%
the
84.6%
little
84.6%
bird
84.6%
That
84.6%
picks
84.6%
up
84.6%
crumbs
84.6%
around
84.6%
the
84.6%
door.'
84.6%
The
84.6%
priest
84.6%
sat
84.6%
by
84.6%
and
84.6%
heard
84.6%
the
84.6%
child;
84.6%
In
84.6%
trembling
84.6%
zeal
84.6%
he
84.6%
seiz'd
84.6%
his
84.6%
hair.
84.6%
% Correct
He
84.6%
his
84.6%
little
84.6%
And
84.6%
all
84.6%
admir'd
84.6%
the
84.6%
priestly
84.6%
care.
84.6%
And
84.6%
to
84.6%
Mystery.'
84.6%
The
84.6%
weeping
84.6%
child
84.6%
could
84.6%
not
84.6%
be
84.6%
heard;
84.6%
The
84.6%
weeping
84.6%
parents
84.6%
wept
84.6%
in
84.6%
vain.
84.6%
him
84.6%
his
84.6%
little
84.6%
shirt,
84.6%
And
84.6%
bound
84.6%
him
84.6%
in
84.6%
an
84.6%
iron
84.6%
chain.
84.6%
And
84.6%
burn'd
84.6%
him
84.6%
in
84.6%
a
84.6%
holy
84.6%
place
84.6%
Where
84.6%
many
84.6%
had
84.6%
been
84.6%
burn'd
84.6%
before.
84.6%
The
84.6%
weeping
84.6%
parents
84.6%
% Correct
wept
84.6%
in
84.6%
vain.
84.6%
Are
84.6%
such
84.6%
things
84.6%
done
84.6%
on
84.6%
itself
84.6%
than
84.6%
greater
84.6%
to
84.6%
possible
84.6%
it
84.6%
is
84.6%
Nor
84.6%
know.
84.6%
A
84.6%
venerates
76.9%
led
76.9%
him
76.9%
by
76.9%
coat,
76.9%
standing
76.9%
on
76.9%
the
76.9%
altar
76.9%
high,
76.9%
'Lo,
76.9%
what
76.9%
a
76.9%
fiend
76.9%
is
76.9%
here!'
76.9%
said
76.9%
he.
76.9%
who
76.9%
sets
76.9%
reason
76.9%
up
76.9%
for
76.9%
judge
76.9%
Of
76.9%
our
76.9%
most
76.9%
holy
76.9%
They
76.9%
strip'd
76.9%
to
76.9%
thought
76.9%
'One
76.9%

You're not logged in!

Compare scores with friends on all Sporcle quizzes.
Join for Free
OR
Log In

You Might Also Like...

Show Comments

Extras

Created Jan 27, 2014ReportNominate
Tags:blake

Top Quizzes Today


Score Distribution

Your Account Isn't Verified!

In order to create a playlist on Sporcle, you need to verify the email address you used during registration. Go to your Sporcle Settings to finish the process.

Report this User

Report this user for behavior that violates our Community Guidelines.

Details: